00227nam a2200097Ia 4500008004100000041000800041082001200049100001800061245002400079260002600103231212s1968 xx 000 0 und d aeng a620.112 aBogolyubov S. aEngineering Drawing aMascowbMir Pubc1968